000 00717nam a2200289Ia 4500
005 20260324112249.0
008 008 260324s9999 xx 000 0 eng d
020 _a9781003378211
037 _aEBOOK
040 _aCRL
040 _beng
040 _cCRL
041 _2eng
041 _aeng
084 _qCRL
100 _aFrania Hall
_91141969
245 0 _aManaging Digital Innovation in Publishing
245 0 _bCollaborations and Para-Organisations for Creative Change
260 _bTaylor and Francis
260 _c2024
365 _a
365 _b80.99
856 _uhttp://www.taylorfrancis.com/books/9781003378211
942 _cEBOOK
999 _c1731113
_d1731113